| 000 | 00554nam a2200217Ia 4500 | ||
|---|---|---|---|
| 003 | GCL | ||
| 008 | 140319s9999 xx 000 0 eng d | ||
| 040 |
_aGCL / _cGCL |
||
| 082 | 0 | 4 |
_aCC _b726.1 _bA R |
| 245 | 1 | 0 | _aREPORT ON THE MONUMENTS OF NUBIA LIKELY TO BE SULOMERGED BY SUDD-EL-ALI WATER |
| 260 |
_a[S.N] : _bGOVERNMENT PRESS ، _c1955 |
||
| 650 | 0 | 4 | _aHIGH DAM |
| 650 | 0 | 4 | _aNUBIA |
| 650 | 0 | 4 | _aEGYPT |
| 650 | 0 | 4 | _aASWAN |
| 650 | 0 | 4 | _aASWAN DAM |
| 650 | 0 | 4 | _aANIBA |
| 650 | 0 | 4 | _aKALABSHA |
| 650 | 0 | 4 | _aEGYPT - ANTIQUITIES |
| 942 |
_2ddc _cBK |
||
| 999 |
_c20507 _d20507 |
||